| 000 -LEADER |
| fixed length control field |
01104nam a2200265Ia 4500 |
| 001 - CONTROL NUMBER |
| control field |
20721 |
| 003 - CONTROL NUMBER IDENTIFIER |
| control field |
GE_BSU |
| 005 - DATE AND TIME OF LATEST TRANSACTION |
| control field |
20210308215646.0 |
| 008 - FIXED-LENGTH DATA ELEMENTS--GENERAL INFORMATION |
| fixed length control field |
181216s2015||||xx |||||||||||||| ||eng|| |
| 020 ## - INTERNATIONAL STANDARD BOOK NUMBER |
| International Standard Book Number |
9782875742308 |
| 040 ## - CATALOGING SOURCE |
| Transcribing agency |
GE_BSU |
| 041 ## - LANGUAGE CODE |
| Language code of text/sound track or separate title |
eng |
| 080 ## - UNIVERSAL DECIMAL CLASSIFICATION NUMBER |
| Universal Decimal Classification number |
327 T-44 |
| 245 #4 - TITLE STATEMENT |
| Title |
The External Relations of the European Union : |
| Remainder of title |
Historical and Contemporary Perspectives / |
| Statement of responsibility, etc. |
Edited by Pascaline Winand, Andrea Benvenuti and Max Guderzo. |
| 264 ## - PRODUCTION, PUBLICATION, DISTRIBUTION, MANUFACTURE, AND COPYRIGHT NOTICE |
| Place of production, publication, distribution, manufacture |
Brussels : |
| Name of producer, publisher, distributor, manufacturer |
Peter Lang, |
| Date of production, publication, distribution, manufacture, or copyright notice |
2015. |
| 300 ## - PHYSICAL DESCRIPTION |
| Extent |
402 p.; |
| Dimensions |
22 cm. |
| 653 ## - INDEX TERM--UNCONTROLLED |
| keyword |
The External Relations of the European Union |
| 653 ## - INDEX TERM--UNCONTROLLED |
| keyword |
Historical and Contemporary Perspectives |
| 653 ## - INDEX TERM--UNCONTROLLED |
| keyword |
Внешние отношения Европейского Союза |
| 653 ## - INDEX TERM--UNCONTROLLED |
| keyword |
исторические и современные перспективы |
| 653 ## - INDEX TERM--UNCONTROLLED |
| keyword |
ევროკავშირის საგარეო ურთიერთობები |
| 653 ## - INDEX TERM--UNCONTROLLED |
| keyword |
ისტორიული და თანამედროვე პერსპექტივები |
| 942 ## - ADDED ENTRY ELEMENTS (KOHA) |
| Koha item type |
წიგნი |
| Source of classification or shelving scheme |
|